| 000 | 00350nam a2200145Ia 4500 | ||
|---|---|---|---|
| 008 | 150201s2009 xx 000 0 und d | ||
| 082 |
_a611 _bP09T |
||
| 100 | _aTORTORA, G.J. | ||
| 245 | _aPRINCIPLES OF ANATOMY AND PHYSIOLOGY-2 | ||
| 250 | _a12TH | ||
| 260 |
_bWILWY _aDELHI _c2009 |
||
| 300 | _a1-670 | ||
| 650 | _aHUMAN ANATOMY | ||
| 942 |
_2ddc _cBK _05 |
||
| 999 |
_c247 _d247 |
||